00568 2200193 4500001002100000005001500021035002000036007000300056008003900059082000700098084001300105100001200118245013400130250001000264260004600274300002700320600001200347990001500359INLIS00000000000988320260414080749 a0010-0426000223ta260414 | | |  a42 a42 PRI i0 aPRINGKI1 aIMPLIKASI DAMPAK KEKURANGAN GURU PENDIDIKAN AGAMA ISLAM DALAM PEMBINAAN KARAKTER PESERTA DIDIK DI SMAN 2 TIMPAH KAPUAS /cPRINGKI aCet 1 aPalangka Raya :bPerpustakaan UMPR,c2025 axviii, 86 hlm :bilus. 4aSKRIPSI a2442130436